000
00293nam a2200133Ia 4500
005
20251222143118.0
008
251222s9999||||xx |||||||||||||| ||spa||
082
_a
869/R94
100
_a
Rumrrill, Roger
245
0
_a
El Ser Amazónico:
250
_a
1ra.ed.
264
_b
s.e.
942
_c
LIB
999
_c
11435
_d
11435